| 000 | 00898nam a2200241 a 4500 | ||
|---|---|---|---|
| 001 | 64995 | ||
| 003 | BD-RjUL | ||
| 005 | 20211209081357.0 | ||
| 008 | 170226s1946 ii |||| |||| 000 0 ben d | ||
| 020 | _c: Tk. 3.00 | ||
| 035 | _a(BD-RjUL)65125 | ||
| 040 |
_aBD-RjUL _bben _cBD-RjUL _dBD-RjUL |
||
| 041 | _aben | ||
| 082 |
_223 _a891.443 _bBIK 1946 |
||
| 100 | 1 |
_aবিশী, প্রমথনাথ _9188907 |
|
| 245 | 1 |
_aকোপবতী / _cপ্রমথনাথ বিশী |
|
| 250 | _a২য় সং. | ||
| 260 |
_aকলিকাতা : _bজেনারেল প্রিন্টার্স য়্যান্ড পারিসার্স লিমিটেড ; _c১৯৪৬ [১৩৫৩] |
||
| 300 |
_a২২৯ পৃ. ; _c১৭ সেমি. |
||
| 650 |
_aবাংলা উপন্যাস _9184342 |
||
| 650 |
_aBengali Fiction _9170455 |
||
| 942 |
_2ddc _cBK |
||
| 999 |
_c64995 _d64995 |
||